[Event "U12-U20 French Championships"]
[Site "chess24.com"]
[Date "2019.04.21"]
[Round "9"]
[White "Kuhn, Mathilde"]
[Black "Croisille, Shanti"]
[Result "0-1"]
[Board "32"]
[WhiteElo "1608"]
[WhiteCountry "FRA"]
[WhiteFideId "36099783"]
[WhiteEloChange "-11"]
[BlackElo "1575"]
[BlackCountry "FRA"]
[BlackFideId "36016691"]
[BlackEloChange "11"]

1. e4 {[%clk 1:30:57]} c5 {[%clk 1:30:54]} 2. Nc3 {[%clk 1:31:15]} d6 {[%clk
1:31:10]} 3. f4 {[%clk 1:31:31]} g6 {[%clk 1:31:22]} 4. Bb5+ {[%clk 1:31:40]} Bd7
{[%clk 1:31:43]} 5. Bc4 {[%clk 1:31:57]} Bg7 {[%clk 1:32:01]} 6. Nf3 {[%clk
1:31:50]} e6 {[%clk 1:32:21]} 7. O-O {[%clk 1:31:02]} Ne7 {[%clk 1:32:45]} 8. d3
{[%clk 1:29:25]} O-O {[%clk 1:33:03]} 9. Qe1 {[%clk 1:28:44]} Nbc6 {[%clk
1:29:43]} 10. Qh4 {[%clk 1:22:01]} Na5 {[%clk 0:01:03]} 11. Bb3 {[%clk 1:17:43]}
Nxb3 {[%clk 1:28:07]} 12. axb3 {[%clk 1:17:55]} b5 {[%clk 1:26:07]} 13. g4 {[%clk
1:14:03]} f5 {[%clk 1:18:49]} 14. gxf5 {[%clk 1:09:32]} exf5 {[%clk 1:17:12]} 15.
e5 {[%clk 0:57:41]} dxe5 {[%clk 1:11:38]} 16. Nxe5 {[%clk 0:55:45]} b4 {[%clk
1:09:00]} 17. Ne2 {[%clk 0:52:52]} Nd5 {[%clk 1:06:23]} 18. Qf2 {[%clk 0:47:30]}
Qe7 {[%clk 0:57:49]} 19. d4 {[%clk 0:39:27]} cxd4 {[%clk 0:43:12]} 20. Qxd4
{[%clk 0:39:31]} Bc6 {[%clk 0:42:28]} 21. Qc4 {[%clk 0:32:25]} Bb7 {[%clk
0:40:35]} 22. Nf3 {[%clk 0:24:21]} Kh8 {[%clk 0:40:04]} 23. Qd3 {[%clk 0:22:34]}
Rfd8 {[%clk 0:37:51]} 24. Ned4 {[%clk 0:20:58]} Qd6 {[%clk 0:32:48]} 25. Qb5
{[%clk 0:15:31]} Nb6 {[%clk 0:26:42]} 26. Be3 {[%clk 0:13:56]} Bxf3 {[%clk
0:23:17]} 27. Nxf3 {[%clk 0:13:36]} Bxb2 {[%clk 0:22:48]} 28. Ra6 {[%clk
0:10:30]} Rdb8 {[%clk 0:18:00]} 29. Bc5 {[%clk 0:07:43]} Qxf4 {[%clk 0:16:38]}
30. Bxb6 {[%clk 0:04:36]} axb6 {[%clk 0:16:10]} 31. Rxa8 {[%clk 0:04:14]} Rxa8
{[%clk 0:16:05]} 32. Qxb6 {[%clk 0:03:48]} Bc3 {[%clk 0:15:32]} 33. Qc6 {[%clk
0:01:35]} Qe4 {[%clk 0:14:38]} 34. Qd6 {[%clk 0:01:03]} Re8 {[%clk 0:13:56]} 35.
Kg2 {[%clk 0:00:45]} Qxc2+ {[%clk 0:13:59]} 36. Rf2 {[%clk 0:00:53]} Qxb3 {[%clk
0:11:51]} 37. Qd7 {[%clk 0:01:03]} Qe6 {[%clk 0:11:46]} 38. Qb7 {[%clk 0:00:48]}
Qe7 {[%clk 0:11:47]} 39. Qd5 {[%clk 0:01:01]} Qe4 {[%clk 0:11:32]} 40. Qf7 {[%clk
0:00:57]} Qe6 {[%clk 0:10:56]} 41. Qb7 {[%clk 0:01:11]} h6 {[%clk 0:10:53]} 42.
h3 {[%clk 0:01:19]} g5 {[%clk 0:10:33]} 43. Qb5 {[%clk 0:00:53]} Rd8 {[%clk
0:09:35]} 44. Qa5 {[%clk 0:01:01]} Qd5 {[%clk 0:09:43]} 45. Qa6 {[%clk 0:00:59]}
Rd6 {[%clk 0:08:59]} 46. Qc8+ {[%clk 0:01:10]} Kg7 {[%clk 0:08:51]} 47. Qc7+
{[%clk 0:01:25]} Rd7 {[%clk 0:09:01]} 48. Qg3 {[%clk 0:01:28]} Qe4 {[%clk
0:08:54]} 49. Kh2 {[%clk 0:00:46]} Qf4 {[%clk 0:08:11]} 50. Qxf4 {[%clk 0:00:39]}
gxf4 {[%clk 0:08:37]} 51. Nh4 {[%clk 0:00:55]} Kf6 {[%clk 0:08:39]} 52. Kg2
{[%clk 0:01:08]} Bd2 {[%clk 0:08:43]} 53. Nf3 {[%clk 0:01:24]} Be3 {[%clk
0:08:57]} 54. Rb2 {[%clk 0:01:43]} Rb7 {[%clk 0:09:23]} 55. Ne1 {[%clk 0:01:47]}
Ke5 {[%clk 0:09:24]} 56. Nd3+ {[%clk 0:02:03]} Ke4 {[%clk 0:09:17]} 57. Nxb4
{[%clk 0:01:26]} Rb6 {[%clk 0:08:55]} 58. Kf1 {[%clk 0:01:08]} Bd4 {[%clk
0:08:06]} 59. Re2+ {[%clk 0:00:37]} Kf3 {[%clk 0:08:05]} 60. Nc2 {[%clk 0:00:33]}
Rb1+ {[%clk 0:07:54]} 61. Ne1+ {[%clk 0:00:59]} Kg3 {[%clk 0:07:56]} 62. Rd2
{[%clk 0:00:41]} Be3 {[%clk 0:07:59]} 63. Rd3 {[%clk 0:00:35]} Kxh3 {[%clk
0:08:16]} 64. Ke2 {[%clk 0:00:50]} Rb2+ {[%clk 0:08:37]} 65. Kd1 {[%clk 0:00:45]}
Kg3 {[%clk 0:08:32]} 66. Nc2 {[%clk 0:00:46]} Kf2 {[%clk 0:08:19]} 67. Nd4 {[%clk
0:00:35]} Bxd4 {[%clk 0:07:41]} 68. Rxd4 {[%clk 0:01:02]} Ke3 {[%clk 0:08:00]}
69. Rd6 {[%clk 0:01:05]} f3 {[%clk 0:07:57]} 70. Re6+ {[%clk 0:00:54]} Kf4 {[%clk
0:08:19]} 71. Rxh6 {[%clk 0:00:37]} f2 {[%clk 0:08:28]} 72. Rh4+ {[%clk 0:01:02]}
Kg3 {[%clk 0:08:42]} 0-1